[Event "Nizhnij Novgorod Dubinin Memorial 22nd"]
[Site "Nizhnij Novgorod"]
[Date "2015.??.??"]
[Round "3"]
[White "Petukhov, Vladimir"]
[Black "Dragov, Anatoly"]
[Result "1-0"]
[WhiteElo "1752"]
[BlackElo "1894"]
[PlyCount "61"]
[EventDate "2015.01.03"]
[EventType "swiss"]
[EventRounds "9"]
[EventCountry "RUS"]
[SourceTitle "CBM 164 Extra"]
[Source "ChessBase"]
[SourceDate "2015.03.02"]
[SourceVersion "1"]
[SourceVersionDate "2015.03.02"]
[SourceQuality "1"]

1. d4 c5 2. d5 b5 3. e4 a6 4. c4 g6 5. Nf3 Bg7 6. Be2 b4 7. a3 d6 8. axb4 cxb4 9. Qa4+ Nd7 10. Qxb4 Rb8 11. Qa3 Nc5 12. Nbd2 Nf6 13. e5 Ng4 14. b4 Nd7 15. e6 fxe6 16. dxe6 Nde5 17. Qa4+ Kf8 18. Ng5 Qb6 19. 0-0 h6 20. c5 Qxb4 21. Qxb4 Rxb4 22. cxd6 exd6 23. Ba3 Rb6 24. Rac1 Bb7 25. Nge4 Nf6 26. Nxd6 Kg8 27. f4 Neg4 28. N2e4 Rb3 29. Nxb7 Rxb7 30. h3 Nxe4 31. hxg4 1-0

[Event "Nizhnij Novgorod-ch"]
[Site "Nizhnij Novgorod"]
[Date "2014.??.??"]
[Round "6"]
[White "Dragov, Anatoly"]
[Black "Fedorenko, Viktor A"]
[Result "1-0"]
[WhiteElo "1901"]
[BlackElo "1913"]
[PlyCount "63"]
[EventDate "2014.03.??"]
[EventType "swiss"]
[EventRounds "9"]
[EventCountry "RUS"]
[SourceTitle "EXT 2016"]
[Source "ChessBase"]
[SourceDate "2015.10.08"]
[SourceVersion "1"]
[SourceVersionDate "2015.10.08"]
[SourceQuality "1"]

1. d4 e6 2. e4 d6 3. Nc3 c6 4. Bd3 g6 5. Nge2 f5 6. 0-0 Bg7 7. Be3 Ne7 8. f3 0-0 9. Qd2 Nd7 10. Nd1 Rf7 11. c3 Nf8 12. Nf2 b6 13. Nh3 Bf6 14. Rae1 b5 15. Kh1 a6 16. Bh6 e5 17. Ng5 Bxg5 18. Bxg5 f4 19. Bc2 Ne6 20. Bh4 g5 21. Bf2 Ng6 22. Rd1 Qe7 23. Bb3 Bb7 24. dxe5 dxe5 25. Qd6 Ngf8 26. Bc5 Qxd6 27. Bxd6 c5 28. Bxe6 Nxe6 29. Bxe5 Re8 30. Bd6 h5 31. b4 Rc8 32. Rd2 1-0